<?xml version="1.0" encoding="UTF-8"?>
<record
    xmlns:xsi="http://www.w3.org/2001/XMLSchema-instance"
    xsi:schemaLocation="http://www.loc.gov/MARC21/slim http://www.loc.gov/standards/marcxml/schema/MARC21slim.xsd"
    xmlns="http://www.loc.gov/MARC21/slim">

  <leader>00370nam a2200145Ia 4500</leader>
  <controlfield tag="008">221030s9999    xx            000 0 und d</controlfield>
  <datafield tag="020" ind1=" " ind2=" ">
    <subfield code="a">8126538591</subfield>
  </datafield>
  <datafield tag="041" ind1=" " ind2=" ">
    <subfield code="a">English</subfield>
  </datafield>
  <datafield tag="100" ind1=" " ind2=" ">
    <subfield code="a">V. Hosur</subfield>
  </datafield>
  <datafield tag="245" ind1=" " ind2="0">
    <subfield code="a">Earthquake Resistant Design of Building Structures</subfield>
    <subfield code="c">by V. Hosur</subfield>
  </datafield>
  <datafield tag="260" ind1=" " ind2=" ">
    <subfield code="b">Willey Pub.</subfield>
    <subfield code="a">New Delhi</subfield>
    <subfield code="c">2014</subfield>
  </datafield>
  <datafield tag="300" ind1=" " ind2=" ">
    <subfield code="a">276</subfield>
  </datafield>
  <datafield tag="650" ind1=" " ind2=" ">
    <subfield code="a">Civil</subfield>
  </datafield>
  <datafield tag="942" ind1=" " ind2=" ">
    <subfield code="c">BK</subfield>
  </datafield>
  <datafield tag="999" ind1=" " ind2=" ">
    <subfield code="c">17744</subfield>
    <subfield code="d">17744</subfield>
  </datafield>
  <datafield tag="952" ind1=" " ind2=" ">
    <subfield code="p">BE 15391</subfield>
    <subfield code="g">589.00</subfield>
    <subfield code="i">122</subfield>
    <subfield code="l">0</subfield>
    <subfield code="e">RKB</subfield>
    <subfield code="r">2024-06-13 00:00:00</subfield>
    <subfield code="w">2022-10-30</subfield>
    <subfield code="y">BK</subfield>
    <subfield code="0">0</subfield>
    <subfield code="3">Print</subfield>
    <subfield code="4">0</subfield>
    <subfield code="7">1</subfield>
    <subfield code="a">MIETLIB</subfield>
    <subfield code="b">MIETLIB</subfield>
    <subfield code="c">BL-Academic Block B, FL-2, CUP-156, SH-4, R-4</subfield>
    <subfield code="d">2017-11-29</subfield>
    <subfield code="1">0</subfield>
    <subfield code="H">BE</subfield>
  </datafield>
  <datafield tag="952" ind1=" " ind2=" ">
    <subfield code="p">BE 15392</subfield>
    <subfield code="g">589.00</subfield>
    <subfield code="i">122</subfield>
    <subfield code="l">0</subfield>
    <subfield code="e">RKB</subfield>
    <subfield code="r">2024-06-13 00:00:00</subfield>
    <subfield code="w">2022-10-30</subfield>
    <subfield code="y">BK</subfield>
    <subfield code="0">0</subfield>
    <subfield code="3">Print</subfield>
    <subfield code="4">0</subfield>
    <subfield code="7">0</subfield>
    <subfield code="a">MIETLIB</subfield>
    <subfield code="b">MIETLIB</subfield>
    <subfield code="c">BL-Academic Block B, FL-2, CUP-132, SH-1, R-1</subfield>
    <subfield code="d">2017-11-29</subfield>
    <subfield code="1">0</subfield>
    <subfield code="H">BE</subfield>
  </datafield>
</record>
